01788 2200361 4500001002100000005001500021035002000036007000300056008004100059020002200100082001000122084001900132100002500151245016400176250002800340300004200368650001700410700003800427700002700465700002900492520067200521740002701193264003601220336002101256337003001277338002301307990001601330990001601346990001601362990001601378990001601394990001601410INLIS00000000116262120221116100012 a0010-1122000158ta221116 g 0 ind  a978-979-593-973-3 a495.1 aSR 495.1 XUZ c0 aXu Zhenyaepengarang1 aCara berkomunikasi di China volume 2 :bdilengkapi dengan tips budaya /cXu Zhenya; penerjemah, Muhammad Yesa Aravena; editor, Adeline Bangun, Yayat Sri Hayati aCetakan ke-1, Juli 2018 avi, 104 halaman :bIlustrasi ;c21 cm 4aBahasa China0 aMuhammad Yesa Aravenaepenerjemah0 aAdeline Banguneeditor0 aYayat Sri Hayatieeditor aBuku ini tepat untuk Anda yang ingin menyampaikan pesan berbahasa Mandarin tanpa ada kesalahpahaman. Setiap bab di buku ini disusun dalam tiga bagian. Bagian pertama adalah scenario perbedaan budaya yang mungkin Anda alami selama berada di China. Bagian kedua adalah tips kebudayaan. Kemudian, bagian ketiga adalah daftar ekspresi yang berguna. Seri Cara berkomunikasi di China terdiri atas dua volume. Volume kedua membahas tentang cara mengajak seseorang berkencan, ambiguitas, membicarakan umur, menyampaikan teguran halus, tips menawar saat berbelanja, membicarakan kondisi keuangan pribadi, membangun hubungan interpersonal, dan terkait yinyang, juga fengshui. aThe way we communicate aJakarta :bKesaint Blanc,c2018 2rdacontentaTeks 2rdamediaaTanpa perantara 2rdacarrieraVolume a49779.62599 a49780.62600 a49780.62600 a49779.62599 a49779.62599 a49780.62600